000 00310nam a2200133Ia 4500
005 20251222144912.0
008 251222s9999||||xx |||||||||||||| ||spa||
020 _a84-397-0955-2
082 _a869.33/B72U
100 _aBolaƱo, Roberto
245 0 _aUna Novelita Lumpen
264 _bMondadori
942 _cLIB
999 _c22376
_d22376